<?xml version="1.0" encoding="UTF-8"?>
<collection xmlns="http://www.loc.gov/MARC21/slim">
 <record>
  <leader>00418pamaa2200145   4500</leader>
  <controlfield tag="001">0000014944</controlfield>
  <controlfield tag="005">20060504090000.0</controlfield>
  <datafield tag="020" ind1="0" ind2="0">
   <subfield code="a">[ ? ] </subfield>
  </datafield>
  <datafield tag="082" ind1=" " ind2=" ">
   <subfield code="a">346.06693 NEW</subfield>
  </datafield>
  <datafield tag="090" ind1="0" ind2="0">
   <subfield code="a">KUQ956.22 </subfield>
   <subfield code="b">NEW</subfield>
  </datafield>
  <datafield tag="245" ind1="0" ind2="0">
   <subfield code="a">NEW ZEALAND company act 1993 amendment.</subfield>
  </datafield>
  <datafield tag="260" ind1="0" ind2="0">
   <subfield code="a">Wellington: </subfield>
   <subfield code="b">New Zealand Government, </subfield>
   <subfield code="c">1993.</subfield>
  </datafield>
  <datafield tag="300" ind1=" " ind2=" ">
   <subfield code="a">251p.: </subfield>
   <subfield code="b">24cm.</subfield>
  </datafield>
  <datafield tag="650" ind1="0" ind2="0">
   <subfield code="a">Commercial law -- </subfield>
   <subfield code="x">New Zealand -- </subfield>
   <subfield code="x">Act </subfield>
  </datafield>
  <datafield tag="650" ind1="0" ind2="0">
   <subfield code="a">New Zealand -- </subfield>
   <subfield code="x">Companies act </subfield>
  </datafield>
 </record>
</collection>
